うんち - Statistics

General Stats
  • This quiz has been taken 21 times
  • The average score is 5 of 14
Answer Stats
Hint Answer % Correct
古代ギリシアの大哲学者プラトンの名著 国家
91%
国家における三身分 統治者
36%
国家における三身分 軍人
36%
つまり 知恵
36%
勇気
36%
国家における三身分 生産者
27%
それを成り立たせている
27%
節制
27%
人間の精神もこれに類似する魂の三部分 理性
27%
気概
27%
欲望
27%
その冒頭に出てくる正義をめぐる議論若き哲学者グラウコンの挑発 正義の心とは、罰を恐れる心?
18%
むしろグラウコンを支持する現代アメリカの心理学者ジョナサン=ハイト 乗り手 思考
18%
直感
18%
No matching quizzes found
Score Distribution
Percent of People with Each Score
Percentile by Number Answered
Your Score History
You have not taken this quiz